[Event "V. Korchnoi Memorial 2019"]
[Site "St. Petersburg"]
[Date "2019.08.14"]
[Round "1.10"]
[White "Kiseleva, Arina"]
[Black "Iljiushenok, Ilia"]
[Result "0-1"]
[WhiteElo "2018"]
[BlackElo "2533"]
[Annotator "ChessBase"]
[PlyCount "84"]
[EventDate "2019.08.13"]
[EventType "swiss"]
[EventCountry "RUS"]
[SourceTitle "playchess.com"]
[Source "ChessBase"]
[SourceQuality "1"]
[TimeControl "5400+30"]

1. Nf3 {[%emt 0:00:00]} Nf6 {[%emt 0:08:37]} 2. c4 {[%emt 0:00:00]} e6 {[%emt 0:00:59]} 3. d4 {[%emt 0:05:29]} c5 {[%emt 0:00:12]} 4. e3 {[%emt 0:01:31]} b6 {[%emt 0:01:58]} 5. Be2 {[%emt 0:01:17]} Bb7 {[%emt 0:01:09]} 6. O-O {[%emt 0:00:14]} Be7 {[%emt 0:03:47]} 7. b3 {[%emt 0:01:22]} O-O {[%emt 0:03:26]} 8. Bb2 {[%emt 0:00:14]} d6 {[%emt 0:00:57]} 9. Nbd2 {[%emt 0:01:44]} Nbd7 {[%emt 0:00:18]} 10. Rc1 {[%emt 0:04:57]} Rc8 {[%emt 0:01:30]} 11. dxc5 {[%emt 0:02:10]} bxc5 {[%emt 0:04:56]} 12. Qc2 {[%emt 0:08:19]} Rc7 {[%emt 0:02:42]} 13. Rfd1 {[%emt 0:05:44]} Qa8 {[%emt 0:00:40]} 14. Ne1 {[%emt 0:03:54]} Ne5 {[%emt 0:05:28]} 15. f3 {[%emt 0:06:32]} Re8 {[%emt 0:07:21]} 16. Nd3 {[%emt 0:02:46]} Ng6 {[%emt 0:08:25]} 17. Nf2 {[%emt 0:18:18]} Rcc8 {[%emt 0:11:24]} 18. Bxf6 {[%emt 0:02:35]} gxf6 {[%emt 0:00:18]} 19. Nde4 {[%emt 0:00:29]} Rcd8 {[%emt 0:00:15]} 20. Qc3 {[%emt 0:02:51]} Ne5 {[%emt 0:01:16]} 21. Ng3 {[%emt 0:03:52]} Kh8 {[%emt 0:02:50]} 22. f4 {[%emt 0:03:40]} Nd7 {[%emt 0:01:01]} 23. e4 {[%emt 0:02:00]} Rg8 {[%emt 0:03:30]} 24. Re1 {[%emt 0:09:14]} Rg7 {[%emt 0:05:01]} 25. Nh5 {[%emt 0:01:12]} Rg6 {[%emt 0:00:01]} 26. Bf3 {[%emt 0:01:14]} Rdg8 {[%emt 0:00:27]} 27. Kf1 {[%emt 0:01:55]} Qf8 {[%emt 0:10:59]} 28. h3 {[%emt 0:05:08]} Rh6 {[%emt 0:04:01]} 29. g4 {[%emt 0:01:50]} e5 {[%emt 0:07:16]} 30. f5 {[%emt 0:00:43]} Nb8 {[%emt 0:00:04]} 31. Nd1 {[%emt 0:01:37]} Nc6 {[%emt 0:00:15]} 32. Ne3 {[%emt 0:00:16]} Nd4 {[%emt 0:00:05]} 33. Nd5 {[%emt 0:00:14]} Bxd5 {[%emt 0:00:35]} 34. cxd5 {[%emt 0:00:38]} Rxh5 {[%emt 0:01:28]} 35. gxh5 {[%emt 0:00:06]} Rg3 {[%emt 0:00:04]} 36. Re3 {[%emt 0:00:04]} Qh6 {[%emt 0:00:24]} 37. Kf2 {[%emt 0:01:33]} Qg5 {[%emt 0:00:08]} 38. Bg4 {[%emt 0:02:37]} Qf4+ {[%emt 0:00:04]} 39. Rf3 {[%emt 0:00:09]} Nxf3 {[%emt 0:00:42]} 40. Bxf3 {[%emt 0:00:07]} Rxf3+ {[%emt 0:00:12]} 41. Qxf3 {[%emt 0:00:04]} Qxc1 {[%emt 0:00:05]} 42. Qe2 {[%emt 0:00:40]} Bf8 {[%emt 0:00:13]} 0-1

[Event "V. Korchnoi Memorial 2019"]
[Site "St. Petersburg"]
[Date "2019.08.15"]
[Round "2.1"]
[White "Gitelson, Arkady"]
[Black "Kamsky, Gata"]
[Result "0-1"]
[WhiteElo "2233"]
[BlackElo "2673"]
[Annotator "TA"]
[PlyCount "46"]
[EventDate "2019.08.13"]
[EventType "swiss"]
[EventCountry "RUS"]
[SourceTitle "playchess.com"]
[Source "ChessBase"]
[SourceQuality "1"]

{[%evp 12,58,-10,-8,-8,-18,-16,-7,-4,-30,-3,-7,-6,-18,-18,-58,-62,-60,-42,-54,-50,-60,-77,-110,-77,-91,-68,-86,-82,-366,-348,-329,-339,-648,-650,-639,-593,-551,-581,-1068,-1077,-917,-937,-1110,-1047,-29997,-7964,-29996,-29997]} 1. d4 Nf6 2. Nf3 e6 3. g3 b5 4. Bg2 Bb7 5. O-O c5 6. a4 b4 7. c4 $1 cxd4 {A46: 1 d4 Nf6 2 Nf3 e6: Torre, London and Colle Systems} 8. Nxd4 Bxg2 9. Kxg2 Qc8 {The position is equal.} 10. b3 h5 $146 ({Predecessor:} 10... Be7 11. Nd2 O-O 12. Bb2 Qb7+ 13. Kg1 Na6 14. Qc2 Nc5 15. Rfe1 {½-½ (42) Zenzera,A (2361)-Grigoryan,A (2572) St Petersburg 2012}) 11. h4 Na6 12. Nd2 Qb7+ 13. N2f3 Nc5 14. Bb2 a6 15. Qc2 Be7 16. Rad1 Rc8 17. Qb1 Rg8 18. Kh2 Ng4+ 19. Kg1 Ne4 20. Qd3 $2 {[%mdl 8192] [#]} (20. Ng5 $17 Bxg5 21. hxg5) 20... g5 $1 $19 21. Nd2 f5 22. f3 $2 (22. Nxf5 exf5 23. Nxe4 fxe4 24. Qd5 Qxd5 25. Rxd5) 22... Nc5 (22... Nxg3 $2 23. fxg4 Nxf1 24. Nxf1 $17) 23. Qb1 Qc7 {Played: Ng4-e3} 0-1

[Event "V. Korchnoi Memorial 2019"]
[Site "St. Petersburg"]
[Date "2019.08.15"]
[Round "2.2"]
[White "Chigaev, Maksim"]
[Black "Tarasov, Ilya"]
[Result "1-0"]
[WhiteElo "2643"]
[BlackElo "2226"]
[Annotator "TA"]
[PlyCount "115"]
[EventDate "2019.08.13"]
[EventType "swiss"]
[EventCountry "RUS"]
[SourceTitle "playchess.com"]
[Source "ChessBase"]
[SourceQuality "1"]

{[%evp 15,115,22,27,18,38,17,50,39,56,36,52,28,33,0,0,0,0,-8,0,-17,0,0,10,-9,10,-11,12,11,9,0,14,3,33,-11,0,0,0,0,0,0,0,0,0,-8,9,0,0,0,0,-31,0,0,0,0,0,0,0,0,0,0,0,0,0,0,0,0,0,0,0,0,10,9,11,10,16,18,10,10,9,9,9,9,9,9,10,10,10,10,45,59,6814,9456,10800,8215,5389,1690,12168,11094,12839,10800,29979,29979]} 1. e4 d6 2. d4 Nf6 3. Bd3 e5 4. c3 g6 5. Nf3 Nbd7 6. O-O Bg7 7. Nbd2 O-O 8. Re1 Re8 9. h3 {B07: Pirc Defence: Miscellaneous Systems} h6 10. Nf1 Nh5 11. Be3 $146 {White is slightly better.} ({Predecessor:} 11. N1h2 Nf8 12. Be3 Nf4 13. Bc4 Be6 14. Bxe6 N8xe6 15. Qb3 Qc8 16. dxe5 dxe5 17. Ng4 {½-½ (36) Wen,Y (2592)-Firman,N (2466) Golden Sands 2015}) 11... Nf8 12. Qd2 Qf6 13. N1h2 Nf4 14. Bxf4 (14. Rad1 {looks sharper.} Bd7 15. Bf1 g5 16. Qc2 Qg6 17. Bxf4 exf4 18. Bd3) 14... Qxf4 15. Qxf4 exf4 16. Re2 g5 17. Rae1 Be6 18. a3 c6 19. Nd2 Ng6 20. Nhf3 Kf8 21. e5 d5 22. Kh2 Rec8 23. g4 Ke8 24. h4 gxh4 25. Bf5 Bf8 26. Nb3 b6 27. Nc1 Be7 28. Nd3 Kd7 29. Rg1 Bg5 30. Rc2 Ne7 31. Bxe6+ fxe6 32. c4 Ng6 33. Rgc1 Be7 34. Kh3 a6 35. Rc3 Rab8 36. b4 a5 37. cxd5 cxd5 38. Rxc8 Rxc8 39. Rxc8 Kxc8 40. bxa5 bxa5 $11 {[%mdl 4096] Endgame KBN-KNN} 41. a4 $1 Kd7 42. Nde1 Bb4 43. Ng2 Bc3 44. Ngxh4 Ne7 45. Ng2 Nc6 46. Nxf4 {Black must now prevent Ne2.} Nxd4 47. Nxd4 Bxd4 {KB-KN} 48. Nd3 {[#] aiming for Kh4.} Ke7 49. Kh4 {Strongly threatening Kh5.} Kf7 50. Kh5 Kg7 51. f4 Be3 52. f5 Bg5 $2 {[%mdl 8192]} (52... Kf7 $14) 53. Nc5 $18 exf5 54. gxf5 Kf7 {[#]} 55. Ne6 $1 {[%cal Re6g5]} Be3 56. Nc7 d4 57. e6+ Ke7 58. Nd5+ {Accuracy: White = 65%, Black = 33%.} 1-0

[Event "V. Korchnoi Memorial 2019"]
[Site "St. Petersburg"]
[Date "2019.08.15"]
[Round "2.3"]
[White "Prokopchuk, Yury"]
[Black "Zvjaginsev, Vadim"]
[Result "0-1"]
[WhiteElo "2228"]
[BlackElo "2639"]
[Annotator "TA"]
[PlyCount "82"]
[EventDate "2019.08.13"]
[EventType "swiss"]
[EventCountry "RUS"]
[SourceTitle "playchess.com"]
[Source "ChessBase"]
[SourceQuality "1"]

{[%evp 9,82,0,0,0,0,0,9,-21,-18,-25,-29,-29,-18,-20,-8,-20,-18,-27,-20,-20,-22,-70,-37,-50,-12,-35,-19,-31,-32,-28,-30,-46,-46,-47,-44,-45,-28,-38,0,0,0,0,0,0,23,32,23,0,0,0,0,-169,-128,-352,-349,-547,-525,-582,-357,-402,-258,-866,-791,-1168,-1144,-29990,-29991,-29994,-29995,-29995,-29996,-29997,-29998,-29998,-29999]} 1. d4 d6 2. Bf4 Nf6 3. e3 Nbd7 4. Nf3 Nh5 5. Bg5 (5. Nc3 Nxf4 6. exf4 g6 7. h4 Nf6 8. Bd3 Bg4 9. Qe2 c6 10. O-O-O Bh6 11. Qe3 Qa5 12. Rde1 {0-1 (21) Edouard,R (2627)-Fressinet,L (2712) Calvi 2015}) 5... h6 6. Bh4 {A46: 1 d4 Nf6 2 Nf3 e6: Torre, London and Colle Systems} g5 7. Bg3 Bg7 8. c3 {The position is equal.} e6 9. Be2 $146 ({Predecessor:} 9. Nbd2 Qe7 10. Bd3 f5 11. h4 {0-1 (40) Gulbeyaz,E (1952)-Zhigalko,A (2563) Ankara 2017}) 9... Qe7 10. Nfd2 Nxg3 11. hxg3 a6 12. a4 O-O 13. a5 c5 14. Na3 d5 15. f4 Qd6 16. Nf3 cxd4 17. cxd4 f5 18. Ne5 Nf6 19. Bd3 Bd7 20. Qb3 Rfc8 21. O-O Be8 22. Rfc1 Qe7 23. Rc3 Rc7 24. Rac1 Rac8 25. Nb1 gxf4 (25... Rxc3 {is more complex.} 26. Rxc3 Rxc3 27. Qxc3 Nh5 28. Kf2 gxf4 29. exf4 Nf6) 26. gxf4 Ne4 27. Bxe4 fxe4 28. Qb6 {[%cal Rc3c7]} Bxe5 $1 29. dxe5 {[%cal Rc3c7]} Bc6 30. Qc5 $2 (30. b4 $11 {and White has nothing to worry.}) 30... Qf7 31. Qd4 $2 (31. R3c2 $17) 31... Kh7 $19 32. b4 {[#]} (32. Na3 {keeps fighting.} Qf5 33. Kf2) 32... Rg8 $1 {[%mdl 512]} 33. R1c2 Rd7 34. Nd2 Ba4 {Strongly threatening ...Rxg2+!} 35. Rb2 $2 (35. Nb3 Qg6 36. Rf2 Bxb3 37. f5 exf5 38. Rxb3) 35... Qh5 {( -> ...Qe2!)} 36. Nf1 Bb5 37. Nh2 Be2 {Black mates.} 38. Rcc2 {[#]} Rxg2+ $3 {[%mdl 512]} 39. Kxg2 Rg7+ 40. Kf2 Qh4+ 41. Kxe2 Qxh2+ {Accuracy: White = 27%, Black = 65%.} 0-1

[Event "V. Korchnoi Memorial 2019"]
[Site "St. Petersburg"]
[Date "2019.08.15"]
[Round "2.4"]
[White "Gareyev, Timur"]
[Black "Ismagilov, Damir"]
[Result "1-0"]
[WhiteElo "2600"]
[BlackElo "2220"]
[Annotator "TA"]
[PlyCount "45"]
[EventDate "2019.08.13"]
[EventType "swiss"]
[EventCountry "RUS"]
[SourceTitle "playchess.com"]
[Source "ChessBase"]
[SourceQuality "1"]

{[%evp 10,45,0,11,20,15,24,-79,-88,-93,-83,-103,-67,-79,-77,-112,40,28,102,93,141,158,224,232,887,879,1062,1062,976,888,29984,29985,29995,29996,29996,29997,29997,29998]} 1. Nf3 d5 2. e3 Nf6 3. c4 c6 4. Nc3 e6 5. b3 Nbd7 6. Bb2 Be7 {A11: English Opening: 1...c6} (6... b6 7. d4 Bb7 8. Bd3 Be7 9. O-O O-O 10. Qe2 c5 11. Rad1 Re8 12. cxd5 exd5 13. Ba6 Qc8 14. Bxb7 Qxb7 15. Qd3 Rad8 16. dxc5 Nxc5 17. Qb1 b5 18. Nd4 b4 19. Nce2 {0-1 (63) Shimanov,A (2610)-Baryshpolets,A (2578) Burlingame 2018}) 7. Qc2 O-O 8. g4 (8. d4 $11) 8... Nxg4 $17 {Black is better.} 9. Rg1 Ngf6 $146 ({Predecessor:} 9... f5 10. Be2 Nge5 11. Nxe5 Nxe5 12. Nxd5 cxd5 13. Bxe5 Bf6 {1-0 (36) Aloma Vidal,R (2399)-Castell Cantero,S (2025) Palma de Mallorca 2008}) 10. h4 b6 11. Bh3 Bb7 12. O-O-O Ba6 $2 (12... Bd6 $17) 13. Ng5 $14 {Threatens to win with Bxe6.} dxc4 (13... e5 $11 {keeps the balance.}) 14. Nce4 $36 {[%mdl 2048] Hoping for Nxf6+. White is really pushing.} cxb3 15. axb3 {aiming for Bxe6!} g6 {[#]} (15... Ne8 $16 {keeps fighting.}) 16. h5 $1 $18 Nc5 $2 (16... Nxh5 17. Nxe6 (17. Qc3 Bf6 $17) 17... fxe6 18. Bxe6+ {[#]} Rf7 $1 {[%mdl 512]}) 17. Nxc5 bxc5 18. hxg6 hxg6 19. d4 {And now Nxf7! would win.} Kh8 {[#]} 20. Bxe6 $1 {[%mdl 512] White mates.} Nd5 (20... fxe6 21. Qxg6) 21. dxc5+ {[%mdl 64] Discovered Attack} Bf6 22. Rh1+ Kg7 23. Rh7+ {Accuracy: White = 72%, Black = 13%.} 1-0

[Event "V. Korchnoi Memorial 2019"]
[Site "St. Petersburg"]
[Date "2019.08.15"]
[Round "2.5"]
[White "Geshko, Aleksey"]
[Black "Goganov, Aleksey"]
[Result "0-1"]
[WhiteElo "2221"]
[BlackElo "2564"]
[Annotator "TA"]
[PlyCount "96"]
[EventDate "2019.08.13"]
[EventType "swiss"]
[EventCountry "RUS"]
[SourceTitle "playchess.com"]
[Source "ChessBase"]
[SourceQuality "1"]

{[%evp 15,96,-2,0,-15,0,-29,-27,-15,-17,-17,-9,-43,-10,-11,-11,-11,-21,-28,-11,-8,-10,-10,-9,-14,-14,-8,-14,-76,-82,-81,-84,-104,-104,-105,-105,-105,-105,-139,-139,-118,-107,-107,-107,-116,-107,-107,-108,-111,-100,-125,-125,-129,-129,-110,-110,-233,-228,-340,-329,-291,-329,-308,-303,-384,-378,-759,-808,-759,-752,-668,-742,-718,-652,-1516,-1794,-29979,-29980,-29980,-29981,-29986,-29980,-29977,-29970]} 1. d4 Nf6 2. Nf3 d5 3. Bf4 e6 4. e3 c5 5. Nbd2 Nc6 6. c3 Bd6 7. Bg3 O-O 8. Bd3 b6 9. Qe2 {D02: 1 d4 d5 2 Nf3 sidelines, including 2...Nf6 3 g3 and 2...Nf6 3 Bf4} h6 $146 (9... Bb7 10. Rd1 Re8 11. e4 Be7 12. e5 Nh5 13. h4 cxd4 14. Nxd4 Nxg3 15. fxg3 Bc5 16. N2f3 f5 {½-½ (45) Esipenko,A (2593)-Karjakin,S (2753) St Petersburg 2018}) 10. e4 (10. Ne5 {keeps more tension.} Ne7 11. O-O Nf5 12. Nc6 Nxg3 13. fxg3 Qc7 14. Rxf6 c4 15. Bc2) 10... Bxg3 11. hxg3 {Black has an edge.} cxd4 12. cxd4 dxe4 13. Nxe4 Nb4 14. Nxf6+ Qxf6 15. Be4 Ba6 16. Qd2 $1 {[%cal Rd2b4]} Nd5 17. g4 {Black should prevent g5.} Rfd8 18. g5 hxg5 19. Bh7+ Kf8 {aiming for ...g6.} 20. Be4 $1 Qf4 $36 {[%mdl 2048] Black has the initiative.} 21. Bxd5 (21. Nxg5 $11 {remains equal.} Rac8 22. Bxd5 Qxd2+ 23. Kxd2 Rxd5 {[%mdl 64] Double Attack} 24. Nf3) 21... exd5 $17 22. Qxf4 gxf4 23. Rh8+ Ke7 24. Rh4 Rh8 25. Kd2 Rxh4 26. Nxh4 {[%mdl 4096] Endgame KRB-KRN} Rh8 27. Re1+ Kf6 28. Nf3 g5 29. Ne5 Bc8 30. Rc1 Be6 $1 31. Rc7 Rh1 32. Rxa7 {[#]} Rg1 $1 33. Ke2 Rxg2 34. Kf1 Rh2 35. Rb7 {[#]} (35. Kg1 $17 {only move.} Rh8 36. Ra6) 35... Rh1+ $1 $19 36. Ke2 (36. Kg2 {was the only defense.} Rd1 37. Rxb6) 36... g4 37. Rxb6 {Threatening Nxg4+.} Kf5 38. Nd3 Ke4 39. Rb3 g3 40. Nc5+ $2 (40. f3+ Kf5 41. Ne1) 40... Kxd4 41. Nxe6+ fxe6 42. fxg3 fxg3 {White must now prevent ...g2. KR-KR} 43. Kf3 Rg1 44. a4 e5 45. Ra3 e4+ {Black mates.} 46. Ke2 Rg2+ 47. Kd1 Rxb2 48. Rxg3 Ra2 {Accuracy: White = 50%, Black = 85%.} 0-1

[Event "V. Korchnoi Memorial 2019"]
[Site "St. Petersburg"]
[Date "2019.08.15"]
[Round "2.6"]
[White "Stupak, Kirill"]
[Black "Nikologorsky, Matfei"]
[Result "1-0"]
[WhiteElo "2561"]
[BlackElo "2214"]
[Annotator "ChessBase"]
[PlyCount "85"]
[EventDate "2019.08.13"]
[EventType "swiss"]
[EventCountry "RUS"]
[SourceTitle "playchess.com"]
[Source "ChessBase"]
[SourceQuality "1"]
[TimeControl "5400+30"]

1. d4 {[%emt 0:01:34]} Nf6 {[%emt 0:00:00]} 2. c4 {[%emt 0:00:39]} g6 {[%emt 0:00:00]} 3. g3 {[%emt 0:00:27]} Bg7 {[%emt 0:00:13]} 4. Bg2 {[%emt 0:00:02]} d5 {[%emt 0:00:21]} 5. Nf3 {[%emt 0:00:04]} O-O {[%emt 0:00:16]} 6. O-O {[%emt 0:00:04]} dxc4 {[%emt 1:32:10]} 7. Na3 {[%emt 1:30:40]} c3 {[%emt 0:00:30]} 8. bxc3 {[%emt 0:00:30]} c5 {[%emt 0:00:30]} 9. e3 {[%emt 0:00:30]} Nc6 {[%emt 0:00:30]} 10. Qe2 {[%emt 0:00:30]} Bf5 {[%emt 0:00:30]} 11. Rd1 {[%emt 0:00:30]} Qa5 {[%emt 0:00:30]} 12. Bb2 {[%emt 0:00:30]} Rfd8 {[%emt 0:00:30]} 13. h3 {[%emt 0:00:30]} Rac8 {[%emt 0:00:30]} 14. Nd2 {[%emt 0:00:30]} cxd4 {[%emt 0:00:30]} 15. exd4 {[%emt 0:00:30]} Be6 {[%emt 0:00:30]} 16. Nb3 {[%emt 0:00:30]} Bxb3 {[%emt 0:00:30]} 17. axb3 {[%emt 0:00:30]} e6 {[%emt 0:00:30]} 18. b4 {[%emt 0:00:30]} Qb6 {[%emt 0:00:30]} 19. b5 {[%emt 0:00:30]} Na5 {[%emt 0:00:30]} 20. c4 {[%emt 0:00:30]} Nb3 {[%emt 0:00:30]} 21. c5 {[%emt 0:00:30]} Qc7 {[%emt 0:00:30]} 22. Rab1 {[%emt 0:00:30]} Nd5 {[%emt 0:00:30]} 23. Qc4 {[%emt 0:00:30]} Na5 {[%emt 0:00:30]} 24. Qa4 {[%emt 0:00:30]} b6 {[%emt 0:00:30]} 25. Rdc1 {[%emt 0:00:30]} Ra8 {[%emt 0:00:30]} 26. Ba1 {[%emt 0:00:30]} Rdc8 {[%emt 0:00:30]} 27. Nc2 {[%emt 0:00:30]} a6 {[%emt 0:00:30]} 28. bxa6 {[%emt 0:00:30]} bxc5 {[%emt 0:00:30]} 29. Nb4 {[%emt 0:00:30]} c4 {[%emt 0:00:30]} 30. Bxd5 {[%emt 0:00:30]} exd5 {[%emt 0:00:30]} 31. Nxd5 {[%emt 0:00:30]} Qd8 {[%emt 0:00:30]} 32. Nb6 {[%emt 0:00:30]} Nb3 {[%emt 0:00:30]} 33. Rxb3 {[%emt 0:00:30]} cxb3 {[%emt 0:00:30]} 34. Rxc8 {[%emt 0:00:30]} Rxc8 {[%emt 0:00:30]} 35. Nxc8 {[%emt 0:00:30]} Qxc8 {[%emt 0:00:30]} 36. a7 {[%emt 0:00:30]} Qa8 {[%emt 0:00:30]} 37. Qa5 {[%emt 0:00:30]} Bf8 {[%emt 0:00:30]} 38. d5 {[%emt 0:00:30]} f6 {[%emt 0:00:30]} 39. Bxf6 {[%emt 0:00:30]} Bd6 {[%emt 0:00:30]} 40. Bd4 {[%emt 0:00:30]} Kf7 {[%emt 0:00:30]} 41. Qb5 {[%emt 0:00:30]} b2 {[%emt 0:00:30]} 42. Qd7+ {[%emt 0:00:30]} Be7 {[%emt 0:00:30]} 43. Bxb2 {[%emt 0:00:30]} 1-0

[Event "V. Korchnoi Memorial 2019"]
[Site "St. Petersburg"]
[Date "2019.08.15"]
[Round "2.7"]
[White "Tugarin, Anton"]
[Black "Vorobiov, Evgeny E."]
[Result "1-0"]
[WhiteElo "2217"]
[BlackElo "2560"]
[Annotator "TA"]
[PlyCount "43"]
[EventDate "2019.08.13"]
[EventType "swiss"]
[EventCountry "RUS"]
[SourceTitle "playchess.com"]
[Source "ChessBase"]
[SourceQuality "1"]

{[%evp 21,43,21,21,25,21,4,11,16,21,23,21,0,0,0,0,0,31,-46,0,0,8,0,0,-5]} 1. d4 Nf6 2. c4 g6 3. Nc3 d5 4. cxd5 Nxd5 5. e4 Nxc3 6. bxc3 Bg7 7. Be3 c5 8. Nf3 Qa5 9. Qd2 O-O 10. Rc1 Rd8 11. d5 e6 12. Bg5 {D85: Exchange Grünfeld: Unusual White 7th moves and lines with 7 Nf3} f6 13. Be3 Nc6 14. Bd3 (14. h4 exd5 15. exd5 Bg4 16. Be2 c4 17. Bxc4 Bxf3 18. gxf3 Ne5 19. Be2 Qxd5 20. Qxd5+ Rxd5 {½-½ (40) Akobian,V (2625)-So,W (2762) Saint Louis 2019}) 14... b6 15. O-O Ba6 16. c4 Qxd2 17. Bxd2 {[#]} f5 $146 ({Predecessor:} 17... Ne7 18. Rfd1 Nc8 19. Re1 e5 {0-1 (44) Maksimenko,A (2486)-Fier,A (2595) Marrakesh 2016}) 18. Rfd1 h6 19. Be1 (19. Bb1 $14 exd5 20. exd5) 19... Nb4 (19... Ne7 $15) 20. Bxb4 $1 $11 {[#] Strongly threatening Bc3.The position is equal.} exd5 21. exf5 {aiming for Be1.} dxc4 22. Bxc4+ {[%mdl 32768] Accuracy: White = 45%, Black = 56%. . Loss on time!?} 1-0

[Event "V. Korchnoi Memorial 2019"]
[Site "St. Petersburg"]
[Date "2019.08.15"]
[Round "2.8"]
[White "Lintchevski, Daniil"]
[Black "Fakhretdinov, Rinat"]
[Result "1/2-1/2"]
[WhiteElo "2538"]
[BlackElo "2202"]
[Annotator "ChessBase"]
[PlyCount "109"]
[EventDate "2019.08.13"]
[EventType "swiss"]
[EventCountry "RUS"]
[SourceTitle "playchess.com"]
[Source "ChessBase"]
[SourceQuality "1"]
[TimeControl "5400+30"]

1. Nf3 {[%emt 0:00:00]} d5 {[%emt 0:00:00]} 2. d4 {[%emt 0:00:00]} Bf5 {[%emt 0:00:00]} 3. c4 {[%emt 0:00:48]} e6 {[%emt 0:00:00]} 4. Nc3 {[%emt 0:00:05]} Nc6 {[%emt 0:00:00]} 5. Bf4 {[%emt 0:07:11]} Bd6 {[%emt 0:00:06]} 6. Bxd6 {[%emt 0:06:06]} Qxd6 {[%emt 0:00:10]} 7. e3 {[%emt 0:01:09]} Nge7 {[%emt 0:07:37]} 8. Be2 {[%emt 0:03:12]} dxc4 {[%emt 0:11:53]} 9. Bxc4 {[%emt 0:03:44]} O-O {[%emt 0:00:16]} 10. O-O {[%emt 0:00:37]} Bg4 {[%emt 0:05:50]} 11. Be2 {[%emt 0:01:13]} Ng6 {[%emt 0:09:23]} 12. Rc1 {[%emt 0:01:11]} Rfd8 {[%emt 0:09:13]} 13. h3 {[%emt 0:01:40]} Bxf3 {[%emt 0:00:27]} 14. Bxf3 {[%emt 0:00:06]} e5 {[%emt 0:14:54]} 15. Nb5 {[%emt 0:07:55]} Qb4 {[%emt 0:04:07]} 16. Qb3 {[%emt 0:00:41]} Qxb3 {[%emt 0:08:06]} 17. axb3 {[%emt 0:00:04]} exd4 {[%emt 0:00:11]} 18. Bxc6 {[%emt 0:00:05]} bxc6 {[%emt 0:00:07]} 19. Nxd4 {[%emt 0:00:05]} Ne7 {[%emt 0:00:29]} 20. Rc4 {[%emt 0:00:07]} a5 {[%emt 0:06:12]} 21. Ra1 {[%emt 0:01:27]} g6 {[%emt 0:03:45]} 22. Kf1 {[%emt 0:01:01]} Rd5 {[%emt 0:01:35]} 23. b4 {[%emt 0:01:35]} a4 {[%emt 0:00:59]} 24. Ke2 {[%emt 0:03:54]} Ra6 {[%emt 0:02:28]} 25. Ra3 {[%emt 0:01:55]} Kg7 {[%emt 0:02:55]} 26. Rc1 {[%emt 0:00:17]} Rd8 {[%emt 0:02:07]} 27. Rca1 {[%emt 0:03:27]} Rda8 {[%emt 0:00:51]} 28. e4 {[%emt 0:00:24]} Rb6 {[%emt 0:05:33]} 29. Rxa4 {[%emt 0:00:26]} Rab8 {[%emt 0:00:07]} 30. Rc1 {[%emt 0:02:47]} Rxb4 {[%emt 0:00:23]} 31. Rxb4 {[%emt 0:00:01]} Rxb4 {[%emt 0:00:01]} 32. Kd3 {[%emt 0:00:04]} Rxb2 {[%emt 0:00:29]} 33. Ke3 {[%emt 0:00:08]} h5 {[%emt 0:01:25]} 34. g4 {[%emt 0:00:28]} hxg4 {[%emt 0:00:23]} 35. hxg4 {[%emt 0:00:02]} Ra2 {[%emt 0:01:53]} 36. Nxc6 {[%emt 0:02:00]} Nxc6 {[%emt 0:00:13]} 37. Rxc6 {[%emt 0:00:03]} Ra7 {[%emt 0:00:29]} 38. g5 {[%emt 0:00:27]} Kf8 {[%emt 0:00:26]} 39. f4 {[%emt 0:01:14]} Ke7 {[%emt 0:00:13]} 40. f5 {[%emt 0:00:03]} gxf5 {[%emt 0:00:20]} 41. exf5 {[%emt 0:00:01]} Kd7 {[%emt 0:00:43]} 42. Rh6 {[%emt 0:01:11]} Ra4 {[%emt 0:01:30]} 43. Kf3 {[%emt 0:01:38]} Ke7 {[%emt 0:00:33]} 44. Rc6 {[%emt 0:02:12]} Kd7 {[%emt 0:01:02]} 45. Rc3 {[%emt 0:00:01]} Kd6 {[%emt 0:00:31]} 46. Re3 {[%emt 0:00:01]} c5 {[%emt 0:00:45]} 47. f6 {[%emt 0:00:01]} Ra7 {[%emt 0:00:28]} 48. Ke4 {[%emt 0:00:30]} Ra1 {[%emt 0:00:46]} 49. Rb3 {[%emt 0:03:46]} Re1+ {[%emt 0:00:25]} 50. Kf4 {[%emt 0:00:05]} Rf1+ {[%emt 0:00:19]} 51. Ke4 {[%emt 0:00:04]} Re1+ {[%emt 0:00:19]} 52. Kf4 {[%emt 0:00:02]} Rf1+ {[%emt 0:00:06]} 53. Ke4 {[%emt 0:00:04]} Re1+ {[%emt 0:00:06]} 54. Kf4 {[%emt 0:00:08]} Rf1+ {[%emt 0:00:05]} 55. Ke4 {[%emt 0:50:04] Ke5+} 1/2-1/2